书目信息 |
| 题名: |
内燃机测试技术 修订版
|
|
| 作者: | 严兆夫 主编 | |
| 分册: | ||
| 出版信息: | 杭州 浙江大学出版社 1986.09 |
|
| 页数: | 234页 | |
| 开本: | 16开 | |
| 丛书名: | ||
| 单 册: | ||
| 中图分类: | TK402 | |
| 科图分类: | ||
| 主题词: | 内燃机--工程 , 内燃机 | |
| 电子资源: | ||
| ISBN: | 7-308-01266-2 | |
| 000 | 00594nam0 2200205 45 | |
| 001 | 0010071710 | |
| 005 | 20001007172820.2 | |
| 010 | @a7-308-01266-2@d15.00元 | |
| 100 | @a20001007d1986 km y0chiy0120 ea | |
| 101 | 0 | @achi |
| 105 | @a z 000yy | |
| 200 | 1 | @a内燃机测试技术 修订版@ANei Ran Ji Ce Shi Ji Shu Xiu Ding Ban@f严兆夫主编@FYan Zhao Fu Zhu Bian |
| 210 | @a杭州@c浙江大学出版社@d1986.09 | |
| 215 | @a234页@d16开 | |
| 606 | 0 | @a内燃机@x工程 |
| 606 | 0 | @a内燃机 |
| 690 | @aTK402@v3 | |
| 701 | 0 | @a严兆夫@4主编 |
| 801 | @aCN@bPftUser@c20001007 | |
| 905 | @b171885-889@dTK402@eY155=2@f5 | |
| 内燃机测试技术 修订版/严兆夫主编.-杭州:浙江大学出版社,1986.09 |
| 234页;16开 |
| ISBN 7-308-01266-2:15.00元 |
| ● |
| 相关链接 |
|
|
|
正题名:内燃机测试技术修订版
索取号:TK402/Y155=2
 
预约/预借
| 序号 | 登录号 | 条形码 | 馆藏地/架位号 | 状态 | 备注 |
| 1 | 171885 | 201718855 | 自科二线504/504自科库 39排1列4层/ [索取号:TK402/Y155=2] | 在馆 | |
| 2 | 171886 | 201718864 | 自科二线504/504自科库 39排1列4层/ [索取号:TK402/Y155=2] | 在馆 | |
| 3 | 171887 | 201718873 | 自科二线504/504自科库 39排1列4层/ [索取号:TK402/Y155=2] | 在馆 | |
| 4 | 171888 | 201718882 | 自科库501/501自科库 136排6列4层/ [索取号:TK402/Y155=2] | 在馆 | |
| 5 | 171889 | 201718891 | 自科库501/501自科库 136排6列4层/ [索取号:TK402/Y155=2] | 在馆 |